00692nam a2200229 a 4500001001300000003000900013005001700022008004100039020002200080082001300102100001600115245004200131260004600173300000900219500003500228650002400263700001600287902000800303942000700311952012700318999001700445nice12345678IN_TiNIC20260116014724.0131226s2006 pana grp 000 0 eng  a9788170588559c5000a922bAUR aAurobindo,  aSri Aurobindob The Story of His Life aPandicherry bSri Aurobindo Ashram c2006 a99p  aincludes index and biblioraphy aAurobindo-Biography1 aAurobindo,  bSRS cBK 001040708StackRoom-aHMIbHMId2013-12-26g50.00l1m1o922 AURp024274r2019-06-11s2018-09-17v50.00w2013-12-26yBK c16644d16644